Introduction to information systems / (Record no. 2479)

MARC details
000 -LEADER
fixed length control field 00815nam a2200265 a 4500
001 - CONTROL NUMBER
control field 2481
003 - CONTROL NUMBER IDENTIFIER
control field .
005 - DATE AND TIME OF LATEST TRANSACTION
control field 20250917120707.0
008 - FIXED-LENGTH DATA ELEMENTS--GENERAL INFORMATION
fixed length control field 110301s lxxua | 00100 eng d
020 ## - INTERNATIONAL STANDARD BOOK NUMBER
International Standard Book Number 9780070167087(student ed.) :
Terms of availability SR186.00
035 ## - SYSTEM CONTROL NUMBER
System control number 17
040 ## - CATALOGING SOURCE
Transcribing agency .
082 04 - DEWEY DECIMAL CLASSIFICATION NUMBER
Classification number 658.4038
Item number Ob6 2010
100 1# - MAIN ENTRY--PERSONAL NAME
Personal name O'Brien, James A.
245 10 - TITLE STATEMENT
Title Introduction to information systems /
Statement of responsibility, etc. James O'Brien, George Marakas.
250 ## - EDITION STATEMENT
Edition statement 15th ed.
260 ## - PUBLICATION, DISTRIBUTION, ETC.
Place of publication, distribution, etc. Boston, Mass. :
Name of publisher, distributor, etc. McGraw-Hill,
Date of publication, distribution, etc. 2010.
300 ## - PHYSICAL DESCRIPTION
Extent xxxiii, 592 p. :
Other physical details col. ill. ;
Dimensions 28 cm.
504 ## - BIBLIOGRAPHY, ETC. NOTE
Bibliography, etc. note Includes bibl. references and index.
650 #4 - SUBJECT ADDED ENTRY--TOPICAL TERM
Topical term or geographic name entry element Business
General subdivision Data processing.
650 #4 - SUBJECT ADDED ENTRY--TOPICAL TERM
Topical term or geographic name entry element Management information systems.
650 #4 - SUBJECT ADDED ENTRY--TOPICAL TERM
Topical term or geographic name entry element Information technology
General subdivision Management.
700 0# - ADDED ENTRY--PERSONAL NAME
Personal name Marakas, George M.,
Relator term jt. auth.
942 ## - ADDED ENTRY ELEMENTS (KOHA)
Source of classification or shelving scheme Dewey Decimal Classification
Koha item type English Book
Holdings
Withdrawn status Lost status Source of classification or shelving scheme Damaged status Not for loan Home library Current library Date acquired Total Checkouts Full call number Barcode Date last seen Copy number Price effective from Koha item type
              11/27/2022   658.4038 Ob6 2010 1000000009679 11/27/2022 C4 11/27/2022 Book
              11/27/2022   658.4038 Ob6 2010 1000000009677 11/27/2022 C5 11/27/2022 Book
              11/27/2022   658.4038 Ob6 2010 1000000009678 11/27/2022 C6 11/27/2022 Book
              11/27/2022   658.4038 Ob6 2010 10000000013559 11/27/2022 C9 11/27/2022 Book
              11/27/2022   658.4038 Ob6 2010 10000000013560 11/27/2022 C10 11/27/2022 Book
          CENTRAL CENTRAL 11/27/2022   658.4038 Ob6 2010 1000000003325 11/27/2022 C1 11/27/2022 Book
          CENTRAL CENTRAL 11/27/2022   658.4038 Ob6 2010 1000000003324 11/27/2022 C2 11/27/2022 Book
          CENTRAL CENTRAL 11/27/2022   658.4038 Ob6 2010 1000000003323 11/27/2022 C3 11/27/2022 Book
          CENTRAL CENTRAL 11/27/2022   658.4038 Ob6 2010 1000000007254 11/27/2022 C7 11/27/2022 Book
          CENTRAL CENTRAL 11/27/2022   658.4038 Ob6 2010 1000000007255 11/27/2022 C8 11/27/2022 Book
    Dewey Decimal Classification     CENTRAL CENTRAL 09/25/2024   658.4038 Ob6 2010 1000000020107 09/25/2024   09/25/2024  
          KHOBAR KHOBAR 11/27/2022   658.4038 Ob6 2010 1000000035593 11/27/2022 C11 11/27/2022 Book